NHL Teams - Statistics

General Stats
  • This quiz has been taken 12 times
  • The average score is 27 of 32
Answer Stats
Arena Division Team % Correct
Honda Center Pacific Anaheim Ducks
100%
Madison Square Garden Metropolitan New York Rangers
100%
SAP Center Pacific San Jose Sharks
100%
Mullett Arena Central Arizona Coyotes
90%
TD Garden Atlantic Boston Bruins
90%
Scotiabank Saddledome Pacific Calgary Flames
90%
United Center Central Chicago Blackhawks
90%
Ball Arena Central Colorado Avalanche
90%
Little Ceasers Arena Atlantic Detroit Red Wings
90%
Rogers Place Pacific Edmonton Oilers
90%
Amerant Bank Arena Atlantic Florida Panthers
90%
Crypto.com Arena Pacific Los Angeles Kings
90%
Bell Centre Atlantic Montreal Canadiens
90%
Prudential Center Metropolitan New Jersey Devils
90%
UBS Arena Metropolitan New York Islanders
90%
Canadian Tire Center Atlantic Ottawa Senators
90%
Wells Fargo Center Metropolitan Philadelphia Flyers
90%
PPG Paints Arena Metropolitan Pittsburgh Penguins
90%
Climate Pledge Arena Pacific Seattle Kraken
90%
Enterprise Center Central St. Louis Blues
90%
Amalie Arena Atlantic Tampa Bay Lightning
90%
Scotiabank Arena Atlantic Toronto Maple Leafs
90%
Capital One Arena Metropolitan Washington Capitals
90%
PNC Arena Metropolitan Carolina Hurricanes
80%
Xcel Energy Center Central Minnesota Wild
80%
Bridgestone Arena Central Nashville Predators
80%
T-Mobile Arena Pacific Vegas Golden Knights
80%
Canada Life Centre Central Winnipeg Jets
80%
KeyBank Center Atlantic Buffalo Sabres
70%
American Airlines Center Central Dallas Stars
70%
Rogers Arena Pacific Vancouver Cannucks
50%
Nationwide Arena Metropolitan Colombus Blue Jackets
10%
No matching quizzes found
Score Distribution
Percent of People with Each Score
Percentile by Number Answered
Your Score History
You have not taken this quiz